LEADER 01098nam a2200289 i 4500 001 000000120375 003 CaOOAMICUS 005 20031119000000.0 008 031119s1999 it u000 u ita u 013 $a93069 020 $a88-11-66968-5 040 $aSeMil$bita 100 1 $aLuzi, Mario,$d<1914-2005>.$0(OLS)http://semarc/name/1555 245 13$aLa Passione :$bVia Crucis al Colosseo /$cMario Luzi. 260 $a[Milano] :$bGarzanti,$c1999. 300 $a77 p. ;$c19 cm. 490 0 $aGli elefanti. Poesia 500 $aFondo Card. C.M. Martini. 650 4$aVia Crucis - Testi.$0(OLS)http://semarc/subject/7737 830 4$aGli elefanti. Poesia.$0(OLS)http://semarc/title/9233 850 $aSeMil 852 $aSeMil$W1$xVenegono$y1$m3F III 249$j75562$B75562$CSeMilBibl$Z2$F101391 $81 941 1 $a4 961 $aOmaggio: Martini Card. Carlo Maria 996 $6020$a88-11-66968-5$9(OLS)http://semarc/number/105596 996 $6245$aLa Passione :$bVia Crucis al Colosseo$9(OLS)http://semarc/title/177146 996 $6260$a[Milano] :$bGarzanti$9(OLS)http://semarc/publisher/31829 LEADER 01189nam a2200277 4500 001 000000351746 003 CaOOAMICUS 005 20221004100657.0 008 221004s2022 it 000 u ita r 020 $a978-88-04-66275-4 040 $aSeMil$bita 100 1 $aBiglino, Mauro.$0(OLS)http://semarc/name/65904 245 13$aLa Bibbia non parla di Dio :$buno studio rivoluzionario sull'Antico Testamento /$cMauro Biglino. 250 $a12. rist 264 3$aMilano :$bMondadori,$cstampa 2022. 300 $a339 p. ;$c20 cm 490 1 $aOscar bestsellers 650 4$aBibbia. Antico Testamento - Interpretazione.$0(OLS)http://semarc/subject/52914 830 0$aOscar bestsellers.$0(OLS)http://semarc/title/6833 850 $aSeMil 852 $aSeMil$W1$xVenegono$y1$m2Z III 126$j234710$B242934$CSeMilBibl$Z2$F242934 $81 961 $aBrambilla don Paolo - omaggio 996 $6020$a978-88-04-66275-4$9(OLS)http://semarc/number/296830 996 $6245$aLa Bibbia non parla di Dio :$buno studio rivoluzionario sull'Antico Testamento$9(OLS)http://semarc/title/441555 996 $6264$aMilano :$bMondadori$9(OLS)http://semarc/publisher/30335